• 首页
  • 本馆介绍
  • 公告通知
  • 最新文献
  • 馆藏检索
  • 电子资源
  • 读者导购
  • 参考咨询
  • 我的图书馆
  • 登录
  • 详细信息显示
  • 放入我的书架
  • 预约/预借图书
  • 作者相关作品
  • 分类相关作品
  • 丛书相关作品
  • 出版社相关作品

书目信息

  • 表格格式
  • 工作单格式
  • 卡片格式
题名:
中国旅游文化史纲
    
 
作者: 马勇 , 余冬林 , 周霄 著
分册:  
出版信息: 北京   中国旅游出版社  2008.08
页数: 427页
开本: 23cm
丛书名:
单 册:
中图分类: F592.9
科图分类:
主题词: 旅游--文化史--中国 , 旅游 , 文化史
电子资源:
ISBN: 978-7-5032-3529-0
000 00920nam0 2200289 450
001 012008113357
005 20091207095026.84
010    @a978-7-5032-3529-0@dCNY46.80
100    @a20081224d2008 em y0chiy0110 ea
101 0  @achi
102    @aCN@b110000
105    @aa z 000yy
106    @ar
200 1  @a中国旅游文化史纲@9zhong guo lu^ you wen hua shi gang@f马勇,余冬林,周霄著
210    @a北京@c中国旅游出版社@d2008.08
215    @a427页@c图@d23cm
330    @a本书主要内容包括:旅游文化的滥觞;旅游文化的勃兴;旅游文化的隆盛;旅游文化的新变;旅游文化的穴结等。
510 1  @aCompenoium of Chinese tour culture history@zeng
606 0  @a旅游@x文化史@y中国
606 0  @a旅游
606 0  @a文化史
690    @aF592.9@v4
701  0 @a马勇@9ma yong@4著
701  0 @a余冬林@9yu dong lin@4著
701  0 @a周霄@9zhou xiao@4著
801  0 @aCN@bRENTIAN@c20091207
905    @b20797076-81@dF592.9@e263@f6
    
    中国旅游文化史纲/马勇,余冬林,周霄著.-北京:中国旅游出版社,2008.08
    427页:图;23cm
    
    
    ISBN 978-7-5032-3529-0:CNY46.80
    本书主要内容包括:旅游文化的滥觞;旅游文化的勃兴;旅游文化的隆盛;旅游文化的新变;旅游文化的穴结等。
●
相关链接 在E读中查询图书 在五车中查询图书 在当当中查询图书 在豆瓣中查询图书


正题名:中国旅游文化史纲     索取号:F592.9/263         预约/预借

序号 登录号 条形码 馆藏地/架位号 状态 备注
1 797076   207970766   第一样本阅览室/ [索取号:F592.9/263] 在馆    
2 797077   207970775   第一借阅区/ [索取号:F592.9/263] 在馆    
3 797078   207970784   第一借阅区/ [索取号:F592.9/263] 在馆    
4 797079   207970793   第一借阅区/ [索取号:F592.9/263] 在馆    
5 797080   207970800   第一借阅区/ [索取号:F592.9/263] 在馆    
6 797081   207970819   密集书库-资源管理系/ [索取号:F592.9/263] 在馆    
唐山师范学院图书馆 欢迎您!
大连网信软件有限公司© 版权所有